00322nam a2200133Ia 4500008004100000041000800041082001400049100002100063245001600084250001400100260003500114300003200149365000700181240624s9999 xx 000 0 und d aeng a332.6 SHA aSHARPE WILLIAM F aINVESTMENTS a(6th ed.) c2004aNew DelhibPrentice-Hall axxix, : 962 : p. : cm. ; 24 cRS